Tout les circuits utilisés du WEC(Depuis 2012) - Statistiques

Statistiques générales
  • Ce quiz a été pris 278 fois
  • Le résultat moyen est 8 sur 15
Statistiques - réponses
Date Circuit % Correct
2012- Circuit des 24h du Mans
98%
2012- Circuit de Spa-Francorchamps
84%
2024- Autodromo Enzo e Dino Ferrari
73%
2021-2023 Autodromo nazionale di Monza
68%
2012- Circuit international de Sakhir
67%
2012-20192023- Fuji Speedway
63%
2013-20172024- Circuit des Amériques
61%
20122018-2020 2022-2023 Sebring International Raceway
45%
2012-2019 Circuit de Silverstone
44%
2024- Circuit International de Losail
41%
2012-20142024- Autodromo José Carlos Place
39%
2015-2017 Nürburgring
35%
20212023 Autodromo Internacional do Algarve
34%
2012-2019 Circuit international de Shanghai
13%
2016-2017 Autódromo Hermanos Rodríguez
10%
Aucun quiz correspondant
Distribution des résultats
% des personnes avec chaque résultat
Percentile par nombre de réponses
Votre historique - résultats
Vous n’avez pas pris ce quiz